[Event "Bacolod"]
[Site "Bacolod"]
[Date "1991.??.??"]
[Round "2"]
[White "Torre, Eugenio"]
[Black "Ye Rongguang"]
[Result "1/2-1/2"]
[WhiteElo "2535"]
[BlackElo "2545"]
[PlyCount "33"]
[EventDate "1991.06.??"]
[Source "ChessBase"]

1. e4 e5 2. Nf3 Nf6 3. Nxe5 d6 4. Nc4 Nxe4 5. Qe2 Qe7 6. d3 Nf6 7. Bg5 Nbd7 8. Nc3 d5 9. Ne3 c6 10. O-O-O h6 11. Bh4 g5 12. Bg3 Nc5 13. d4 Nce4 14. Nxe4 Nxe4 15. f3 Nxg3 16. hxg3 Bd7 17. g4 1/2-1/2

[Event "jub30-A corr9196"]
[Site "Finland"]
[Date "1991.??.??"]
[Round "?"]
[White "Kiviaho, Robert Joel"]
[Black "Morgado, Juan Sebastian"]
[Result "0-1"]
[WhiteElo "2525"]
[BlackElo "2540"]
[PlyCount "108"]
[EventDate "1991.??.??"]
[Source "www.chesslib.no"]
[SourceDate "2004.05.04"]

1. e4 e5 2. Nf3 Nf6 3. Nxe5 d6 4. Nc4 Nxe4 5. Nc3 Nxc3 6. bxc3 g6 7. d4 Bg7 8. Bd3 O-O 9. O-O Nd7 10. Be3 d5 11. Nd2 c5 12. Nf3 c4 13. Be2 Re8 14. Bd2 Qe7 15. Qc1 Qf8 16. Re1 Nb6 17. Qb2 Bd7 18. Bf1 Ba4 19. g3 f6 20. Bg2 Qf7 21. h4 Bf8 22. Nh2 Rxe1+ 23. Rxe1 Re8 24. Kf1 Rxe1+ 25. Kxe1 Qe6+ 26. Kd1 Bd6 27. Nf1 Bc6 28. Ne3 f5 29. Ke2 Nd7 30. Qc1 Nf6 31. Kf1 Ne4 32. Bh3 Qe7 33. Kg2 Bc7 34. Nd1 Nxd2 35. Qxd2 h5 36. Ne3 f4 37. Nf1 Kf7 38. Kg1 Ke8 39. Qd1 Ba5 40. Qd2 Qf6 41. Kg2 Kd8 42. Nh2 fxg3 43. fxg3 Bd7 44. Bxd7 Kxd7 45. Nf3 Qf5 46. Ne5+ Kc8 47. Qg5 Qxc2+ 48. Kg1 Qb1+ 49. Kg2 Qxa2+ 50. Kf3 Qc2 51. Qe7 Qxc3+ 52. Kg2 Qc2+ 53. Kg1 Qf5 54. Nf7 Kb8 0-1

[Event "Pardubice Czech op"]
[Site "Pardubice"]
[Date "2002.07.26"]
[Round "8"]
[White "Murey, Jacob"]
[Black "Harikrishna, Penteala"]
[Result "1-0"]
[WhiteElo "2496"]
[BlackElo "2568"]
[PlyCount "88"]
[EventDate "2002.07.19"]
[Source "ChessBase"]
[SourceDate "2002.09.11"]

1. e4 e5 2. Nf3 Nf6 3. Nxe5 d6 4. Nc4 Nxe4 5. Qe2 Qe7 6. Ne3 Nf6 7. b3 Nc6 8. Bb2 Be6 9. g3 O-O-O 10. Bg2 d5 11. d4 Qd7 12. Nd2 g6 13. h3 Bh6 14. O-O-O Rhe8 15. Qf3 Bf5 16. b4 Be4 17. Qxf6 Bxe3 18. fxe3 Bxg2 19. Rh2 Re6 20. Qh4 Be4 21. Qxh7 Nxb4 22. Nxe4 Rxe4 23. Ba3 Qd6 24. Rf2 Rxe3 25. Rxf7 a5 26. Bxb4 axb4 27. Rdf1 Rde8 28. Qh6 b6 29. Rf8 Kb7 30. Rxe8 Rxe8 31. Qf4 Qc6 32. Qd2 Qb5 33. Rf2 Qa5 34. Kb1 Ra8 35. c3 bxc3 36. Qe3 b5 37. Qe6 b4 38. Qxg6 Qb5 39. a4 Qe8 40. Qxe8 Rxe8 41. h4 c5 42. Rf5 Re1+ 43. Kc2 Re2+ 44. Kc1 c4 1-0

[Event "Pardubice"]
[Site "?"]
[Date "2006.07.25"]
[Round "5.8"]
[White "Heberla Bartolomiej"]
[Black "Iljin Artem"]
[Result "1/2-1/2"]
[WhiteElo "2551"]
[BlackElo "2508"]
[PlyCount "27"]
[EventDate "2006.??.??"]
[Source "www.chesslib.no"]
[SourceDate "2004.05.04"]

1. e4 e5 2. Nf3 Nf6 3. Nxe5 d6 4. Nc4 Nxe4 5. Qe2 Qe7 6. Ne3 Nf6 7. g3 g6 8. Bg2 Bg7 9. O-O O-O 10. d4 Nc6 11. Qd1 Bd7 12. c4 Rae8 13. Nc3 Qd8 14. h3 1/2-1/2

[Event "CRO-chT"]
[Site "Medulin"]
[Date "2002.09.11"]
[Round "3"]
[White "Fercec, Nenad"]
[Black "Stohl, Igor"]
[Result "1/2-1/2"]
[WhiteElo "2494"]
[BlackElo "2556"]
[PlyCount "32"]
[EventDate "2002.09.09"]
[Source "ChessBase"]
[SourceDate "2002.11.06"]

1. e4 e5 2. Nf3 Nf6 3. Nxe5 d6 4. Nc4 Nxe4 5. Ne3 g6 6. d3 Nf6 7. d4 Bg7 8. Bd3 O-O 9. O-O d5 10. Nd2 Re8 11. c3 c6 12. Re1 Nbd7 13. Ndf1 Ne4 14. f3 Nd6 15. Ng4 h5 16. Nh6+ Kh7 1/2-1/2

[Event "EU-chT (Men)"]
[Site "Batumi"]
[Date "1999.11.30"]
[Round "2.3"]
[White "Gallagher, Joseph G"]
[Black "Delchev, Aleksander"]
[Result "1/2-1/2"]
[WhiteElo "2521"]
[BlackElo "2521"]
[PlyCount "96"]
[EventDate "1999.11.06"]
[Source "ChessBase"]
[SourceDate "2000.02.01"]

1. e4 e5 2. Nf3 Nf6 3. Nxe5 d6 4. Nc4 Nxe4 5. Nc3 Nxc3 6. bxc3 Nd7 7. d4 d5 8. Ne3 Nf6 9. Bd3 Bd6 10. O-O O-O 11. Qf3 Re8 12. Rb1 c6 13. c4 dxc4 14. Bxc4 Qc7 15. h3 b5 16. Bd3 Be6 17. c4 bxc4 18. Bxc4 Rad8 19. Bxe6 Rxe6 20. Nf5 Nd5 21. Nxd6 Rexd6 22. Bg5 Re8 23. Rfc1 Qd7 24. Bh4 Nb6 25. Rb4 h6 26. Bg3 Rxd4 27. Rxd4 Qxd4 28. Kh2 Qd5 29. Qa3 Qd7 30. Qa6 Re4 31. Qa5 Ra4 32. Qc5 Rxa2 33. Qxc6 Qxc6 34. Rxc6 Nd5 35. Rc5 Ne7 36. Bd6 Ng6 37. Kg3 Ra6 38. Bb8 Ne7 39. f3 Rg6+ 40. Kf2 Nc6 41. Bf4 Re6 42. h4 Kh7 43. h5 g5 44. hxg6+ fxg6 45. Rd5 g5 46. Bd2 Ne5 47. Bc3 Ng6 48. g3 a6 1/2-1/2

[Event "Voskresensk"]
[Site "Voskresensk"]
[Date "1990.??.??"]
[Round "?"]
[White "Vasiukov, Evgeni"]
[Black "Kholmov, Ratmir D"]
[Result "0-1"]
[WhiteElo "2545"]
[BlackElo "2485"]
[PlyCount "102"]
[EventDate "1990.07.??"]
[Source "ChessBase"]

1. e4 e5 2. Nf3 Nf6 3. Nxe5 d6 4. Nc4 Nxe4 5. Qe2 Qe7 6. b3 d5 7. Ne3 c6 8. Bb2 Be6 9. g3 Nd7 10. Bg2 O-O-O 11. d3 Nef6 12. Nd2 Re8 13. h3 Qd6 14. d4 h5 15. O-O-O Qc7 16. Kb1 Bf5 17. Rhg1 Bg6 18. Ka1 Qa5 19. c4 Bb4 20. Rc1 Kb8 21. Nb1 Ne4 22. Bxe4 Bxe4 23. Bc3 Nf6 24. Bxb4 Qxb4 25. Nc3 Qd6 26. h4 Re6 27. c5 Qe7 28. b4 Bg6 29. Qd2 Ne4 30. Nxe4 Bxe4 31. Rc3 g5 32. b5 gxh4 33. gxh4 Rd8 34. bxc6 Rxc6 35. Rb3 Qxh4 36. f3 Bg6 37. Qb2 Qe7 38. Ng2 Rc7 39. Re1 Qf6 40. Rbe3 h4 41. Re8 Rxe8 42. Rxe8+ Rc8 43. Re5 Qxf3 44. Qd2 h3 45. Ne1 Qg3 46. Re7 f6 47. Rg7 Re8 48. Nc2 Qd3 49. Qh2+ Ka8 50. Rxg6 Qxg6 51. Kb2 Qd3 0-1

[Event "Lewkowitz Memorial C"]
[Site "Lewkowitz Memorial C"]
[Date "1994.??.??"]
[Round "?"]
[White "Praznik, Anton"]
[Black "Martello, Juan Alberto"]
[Result "1/2-1/2"]
[WhiteElo "2505"]
[BlackElo "2525"]
[PlyCount "38"]
[EventDate "1994.??.??"]
[Source "www.chesslib.no"]
[SourceDate "2004.05.04"]

1. e4 e5 2. Nf3 Nf6 3. Nxe5 d6 4. Nc4 Nxe4 5. Nc3 Nxc3 6. bxc3 d5 7. Ne3 c6 8. d4 Nd7 9. Bd3 Nf6 10. O-O Be7 11. Nf5 Bxf5 12. Bxf5 O-O 13. Qf3 Re8 14. Re1 g6 15. Bd3 Qd7 16. h3 Nh5 17. Bd2 Ng7 18. c4 Ne6 19. c3 dxc4 1/2-1/2

[Event "Chelyabinsk"]
[Site "?"]
[Date "2004.??.??"]
[Round "?"]
[White "Khairullin, I."]
[Black "Bezgodov, A."]
[Result "1/2-1/2"]
[WhiteElo "2480"]
[BlackElo "2550"]
[PlyCount "58"]
[EventDate "2004.??.??"]
[Source "Chess Informant"]
[SourceDate "2004.02.01"]

1. e4 e5 2. Nf3 Nf6 3. Nxe5 d6 4. Nc4 Nxe4 5. Nc3 Nf6 6. d4 Be7 7. Bd3 Nc6 8. d5 Ne5 9. Nxe5 dxe5 10. O-O O-O 11. Re1 Nd7 12. Bf5 Nb6 13. Bxc8 Rxc8 14. Rxe5 Bf6 15. Re3 Re8 16. Rd3 Bxc3 17. bxc3 Re5 18. Rb1 Rxd5 19. Rxd5 Nxd5 20. Rxb7 Nxc3 21. Qe1 Qd7 22. Rxa7 Qc6 23. h3 Re8 24. Be3 Rd8 25. Bd2 Re8 26. Be3 Rd8 27. Bd2 Nb5 28. Ra5 h6 29. Qe5 Rxd2 1/2-1/2

[Event "05sen.Europa-EM2005"]
[Site "?"]
[Date "2005.??.??"]
[Round "5"]
[White "Tseitlin Mark D"]
[Black "Donchenko Anatoli"]
[Result "1-0"]
[WhiteElo "2600"]
[BlackElo "2404"]
[PlyCount "120"]
[EventDate "2005.??.??"]
[Source "www.chesslib.no"]
[SourceDate "2004.05.04"]

1. e4 e5 2. Nf3 Nf6 3. Nxe5 d6 4. Nc4 Nxe4 5. Nc3 Nxc3 6. bxc3 d5 7. Ne3 c6 8. Qf3 Nd7 9. c4 Ne5 10. Qe2 d4 11. Bb2 Bc5 12. Ng4 Bxg4 13. Qxe5+ Qe7 14. Qxe7+ Kxe7 15. Bd3 Rhe8 16. f3 Bd7 17. Kf2 g6 18. g4 f5 19. g5 h5 20. gxh6 Rh8 21. h4 Rxh6 22. f4 Kf7 23. Kg3 Rd8 24. Be2 Be6 25. d3 Be7 26. a4 a5 27. Rh2 c5 28. c3 Rdh8 29. Rah1 Bf6 30. cxd4 b6 31. Bf3 cxd4 32. Bc6 Rc8 33. Bb5 Be7 34. Bxd4 Rd8 35. Bxb6 Rxd3+ 36. Kf2 Bd6 37. c5 Rd2+ 38. Ke3 Rxh2 39. Rxh2 Be7 40. c6 g5 41. fxg5 Bxg5+ 42. Kd3 f4 43. Ke4 Bc8 44. Bc4+ Kf8 45. Bc5+ Be7 46. Bxe7+ Kxe7 47. Bb5 Kd6 48. Kxf4 Be6 49. h5 Bd5 50. Kg5 Rh8 51. h6 Rg8+ 52. Kf4 Rf8+ 53. Ke3 Rf3+ 54. Kd2 Rf8 55. h7 Rh8 56. Ke3 Kc7 57. Kd4 Bf7 58. Rh6 Bb3 59. Rh2 Bf7 60. Kc5 Bb3 1-0

[Event "Niksic"]
[Site "Niksic"]
[Date "1991.??.??"]
[Round "7"]
[White "Spasov, Vasil"]
[Black "Popchev, Milko"]
[Result "1/2-1/2"]
[WhiteElo "2550"]
[BlackElo "2450"]
[PlyCount "26"]
[EventDate "1991.04.??"]
[Source "ChessBase"]

1. e4 e5 2. Nf3 Nf6 3. Nxe5 d6 4. Nc4 Nxe4 5. d3 Nf6 6. Bf4 Be7 7. d4 O-O 8. Bd3 Nc6 9. c3 Bg4 10. Qc2 Bh5 11. Ne3 Bg6 12. O-O Nh5 13. Bg3 Nxg3 1/2-1/2

[Event "XII Open HIT 2007 - A"]
[Site "Nova Gorica SLO"]
[Date "2007.01.29"]
[Round "6"]
[White "Stevic, Hrvoje"]
[Black "Saric, Ante"]
[Result "1/2-1/2"]
[WhiteElo "2495"]
[BlackElo "2501"]
[PlyCount "114"]
[EventDate "2007.01.26"]
[Source "www.chesslib.no"]
[SourceDate "2004.05.04"]

1. e4 e5 2. Nf3 Nf6 3. Nxe5 d6 4. Nc4 Nxe4 5. Qe2 Qe7 6. Ne3 c6 7. Nc3 Nxc3 8. bxc3 g6 9. g3 Bg7 10. Bg2 O-O 11. O-O Re8 12. a4 Qc7 13. Ba3 Nd7 14. Rfe1 Nf6 15. Qf3 d5 16. Nxd5 cxd5 17. Qxf6 Bf5 18. Qh4 d4 19. cxd4 Qxc2 20. Bxb7 Rxe1+ 21. Rxe1 Qxd2 22. Qe7 Bf8 23. Qe5 Bg7 24. Qe3 Qxe3 25. fxe3 Rb8 26. Bd5 Bh6 27. Kf2 Bd7 28. Rc1 Bxa4 29. Rc7 Bb3 30. Bxb3 Bxe3+ 31. Kf3 Rxb3 32. Rc8+ Kg7 33. Bf8+ Kf6 34. Rc6+ Kg5 35. Be7+ Kh6 36. Ke4 Bg5 37. Bxg5+ Kxg5 38. d5 f5+ 39. Kd4 Rb2 40. h3 f4 41. gxf4+ Kxf4 42. Rf6+ Kg3 43. Rf7 h5 44. Rg7 Rd2+ 45. Ke5 Kxh3 46. Rxg6 h4 47. d6 a5 48. Ke6 a4 49. d7 a3 50. Rg5 a2 51. Ra5 Kg3 52. Ra3+ Kg4 53. Ra4+ Kg3 54. Ra3+ Kg4 55. Rxa2 Rd1 56. Ra1 Rd2 57. Rg1+ Kf3 1/2-1/2

[Event "Corr"]
[Site "?"]
[Date "2000.11.01"]
[Round "?"]
[White "Morgado Juan Sebastian"]
[Black "Bruckel Gerhard"]
[Result "0-1"]
[WhiteElo "2696"]
[BlackElo "2300"]
[PlyCount "45"]
[EventDate "2000.??.??"]
[Source "www.chesslib.no"]
[SourceDate "2004.05.04"]

1. e4 e5 2. Nf3 Nf6 3. Nxe5 d6 4. Nc4 Nxe4 5. Nc3 Nxc3 6. dxc3 Be7 7. Bd3 Nd7 8. O-O Nc5 9. Re1 Nxd3 10. Qxd3 O-O 11. Bf4 Bg5 12. Qd2 Bxf4 13. Qxf4 Re8 14. b3 b6 15. Re3 Bb7 16. Rae1 Qd7 17. Rxe8+ Rxe8 18. Rxe8+ Qxe8 19. Ne3 Qe6 20. c4 h6 21. Qd4 Kf8 22. f3 Qe5 23. c3 0-1

[Event "ch-CRO"]
[Site "Zagreb"]
[Date "2004.11.25"]
[Round "10"]
[White "Palac, Mladen"]
[Black "Saric, Ante"]
[Result "1-0"]
[WhiteElo "2543"]
[BlackElo "2437"]
[PlyCount "67"]
[EventDate "2004.11.16"]
[Source "Roberto Alvarez"]
[SourceDate "2004.11.29"]

1. e4 e5 2. Nf3 Nf6 3. Nxe5 d6 4. Nc4 Nxe4 5. Qe2 Qe7 6. Ne3 Nf6 7. d4 g6 8. Nc3 c6 9. d5 Bg7 10. Nc4 Nxd5 11. Nxd5 Qxe2+ 12. Bxe2 cxd5 13. Nxd6+ Kd7 14. Nxf7 Re8 15. Kd1 Nc6 16. Bg4+ Kc7 17. Bf4+ Kb6 18. Bxc8 Rexc8 19. Ng5 Ka6 20. Ne6 Bxb2 21. Rb1 Bd4 22. Nc7+ Rxc7 23. Bxc7 Bxf2 24. Rf1 Rc8 25. Rxf2 Rxc7 26. Rf6 Re7 27. Kd2 Re4 28. Rf7 Rh4 29. Rbxb7 Rxh2 30. Rxh7 Rxg2+ 31. Kc1 g5 32. Rbd7 d4 33. Rh6 Kb5 34. Rb7+ 1-0

[Event "Serbian-ch 29th"]
[Site "Sabac"]
[Date "1998.04.20"]
[Round "1"]
[White "Cabrilo, Goran"]
[Black "Marciano, David"]
[Result "0-1"]
[WhiteElo "2490"]
[BlackElo "2485"]
[PlyCount "54"]
[EventDate "1998.04.20"]
[Source "ChessBase"]
[SourceDate "1998.08.06"]

1. e4 e5 2. Nf3 Nf6 3. Nxe5 d6 4. Nc4 Nxe4 5. Qe2 Qe7 6. Ne3 Be6 7. g3 Nc6 8. Bg2 d5 9. O-O O-O-O 10. c3 f5 11. d3 Nf6 12. Nc2 Qd7 13. Bg5 Bd6 14. Nba3 h6 15. Bxf6 gxf6 16. Nb5 f4 17. Rae1 Bf7 18. Nxd6+ Qxd6 19. Qg4+ Kb8 20. Qxf4 Qxf4 21. gxf4 Rhg8 22. f5 d4 23. Nxd4 Nxd4 24. cxd4 Rxd4 25. Kh1 Bxa2 26. Re7 Rxd3 27. Rh7 Bd5 0-1

[Event "Pancevo"]
[Site "Pancevo"]
[Date "1987.??.??"]
[Round "?"]
[White "Cabrilo, Goran"]
[Black "Marjanovic, Slavoljub"]
[Result "1/2-1/2"]
[WhiteElo "2470"]
[BlackElo "2505"]
[PlyCount "60"]
[EventDate "1987.09.??"]
[Source "www.chesslib.no"]
[SourceDate "2004.05.04"]

1. e4 e5 2. Nf3 Nf6 3. Nxe5 d6 4. Nc4 Nxe4 5. Qe2 Qe7 6. Ne3 c6 7. c4 g6 8. d3 Ng5 9. Bd2 Bg7 10. Bc3 Bxc3+ 11. Nxc3 Ne6 12. Nc2 c5 13. Nd5 Qd8 14. h4 h5 15. O-O-O Nc6 16. d4 O-O 17. dxc5 dxc5 18. Qe3 Kg7 19. Qc3+ f6 20. Qg3 Qe8 21. Bd3 Qf7 22. Rhe1 f5 23. Bf1 Kh7 24. Qc3 Qg7 25. f4 Bd7 26. Qxg7+ Kxg7 27. Nc7 Nxc7 28. Rxd7+ Rf7 29. Rxf7+ Kxf7 30. g3 Re8 1/2-1/2

[Event "Ostrava"]
[Site "?"]
[Date "1998.??.??"]
[Round "8"]
[White "Cicak Slavko"]
[Black "Oral Tomas"]
[Result "1-0"]
[WhiteElo "2460"]
[BlackElo "2510"]
[PlyCount "73"]
[EventDate "1998.??.??"]
[Source "www.chesslib.no"]
[SourceDate "2004.05.04"]

1. e4 e5 2. Nf3 Nf6 3. Nxe5 d6 4. Nc4 Nxe4 5. Qe2 Qe7 6. Ne3 c6 7. c4 g6 8. d3 Nf6 9. b3 Bg7 10. Bb2 O-O 11. Nc3 a5 12. O-O-O Nbd7 13. Re1 Nb6 14. Ng4 Qxe2 15. Nxf6+ Bxf6 16. Bxe2 Kg7 17. g4 Nd7 18. Ne4 Bxb2+ 19. Kxb2 d5 20. cxd5 cxd5 21. Nc3 Ne5 22. h3 Be6 23. f4 Nc6 24. Rhf1 d4 25. Na4 b5 26. Nc5 Bd5 27. Nd7 Rfd8 28. Nb6 Rab8 29. Nxd5 Rxd5 30. a3 b4 31. a4 Rc5 32. Bf3 Rc3 33. Bd5 Rd8 34. Bc4 Rd7 35. f5 f6 36. g5 gxf5 37. gxf6+ 1-0

[Event "Yerevan"]
[Site "Yerevan"]
[Date "1984.??.??"]
[Round "?"]
[White "Kupreichik, Viktor D"]
[Black "Tseshkovsky, Vitaly"]
[Result "1/2-1/2"]
[WhiteElo "2480"]
[BlackElo "2490"]
[PlyCount "33"]
[EventDate "1984.10.??"]
[Source "ChessBase"]

1. e4 e5 2. Nf3 Nf6 3. Nxe5 d6 4. Nc4 Nxe4 5. Qe2 Qe7 6. Nc3 Nxc3 7. dxc3 Qxe2+ 8. Bxe2 Be7 9. Bf4 Nc6 10. O-O-O Be6 11. Ne3 O-O-O 12. Bc4 Bxc4 13. Nxc4 Bf6 14. Rhe1 Rhe8 15. f3 Be5 16. Bxe5 Nxe5 17. Nxe5 1/2-1/2

[Event "Nord"]
[Site "?"]
[Date "1997.??.??"]
[Round "3.1"]
[White "Gipslis Aivars"]
[Black "Rabiega Robert"]
[Result "1/2-1/2"]
[WhiteElo "2465"]
[BlackElo "2490"]
[PlyCount "26"]
[EventDate "1997.??.??"]
[Source "www.chesslib.no"]
[SourceDate "2004.05.04"]

1. e4 e5 2. Nf3 Nf6 3. Nxe5 d6 4. Nc4 Nxe4 5. Qe2 Qe7 6. Ne3 Nf6 7. g3 g6 8. Bg2 Bg7 9. O-O O-O 10. d4 d5 11. Re1 Re8 12. Nc3 c6 13. Qd1 Na6 1/2-1/2

[Event "HUN-chT 0102"]
[Site "?"]
[Date "2002.03.24"]
[Round "9"]
[White "Varga Zoltan"]
[Black "Seres Lajos"]
[Result "1/2-1/2"]
[WhiteElo "2520"]
[BlackElo "2430"]
[PlyCount "64"]
[EventDate "2002.??.??"]
[Source "www.chesslib.no"]
[SourceDate "2004.05.04"]

1. e4 e5 2. Nf3 Nf6 3. Nxe5 d6 4. Nc4 Nxe4 5. Ne3 d5 6. Be2 c6 7. O-O Bd6 8. d4 O-O 9. c4 Be6 10. Nc3 Nf6 11. Qb3 Qd7 12. c5 Bc7 13. f4 Qc8 14. f5 Bd7 15. Na4 Re8 16. Bd3 Na6 17. g3 Rb8 18. Nc3 b6 19. Qa4 b5 20. Qd1 Nxc5 21. dxc5 d4 22. Ng4 Nxg4 23. Nxb5 Ne3 24. Bxe3 dxe3 25. Nxc7 Qxc7 26. b3 Qe5 27. Qc2 e2 28. Rfe1 Qd4+ 29. Kg2 Qd5+ 30. Kg1 Qd4+ 31. Kg2 Qd5+ 32. Kg1 Qd4+ 1/2-1/2

[Event "Moscow RUS"]
[Site "Moscow RUS"]
[Date "1986.??.??"]
[Round "?"]
[White "Tseshkovsky, Vitaly V"]
[Black "Vladimirov, Evgeny Y"]
[Result "0-1"]
[WhiteElo "2455"]
[BlackElo "2490"]
[PlyCount "60"]
[EventDate "1986.??.??"]
[Source "www.chesslib.no"]
[SourceDate "2004.05.04"]

1. e4 e5 2. Nf3 Nf6 3. Nxe5 d6 4. Nc4 Nxe4 5. d3 Nf6 6. d4 d5 7. Ne3 c5 8. Bb5+ Nc6 9. O-O Be6 10. b3 Be7 11. Ba3 cxd4 12. Bxc6+ bxc6 13. Bxe7 Qxe7 14. Qxd4 O-O 15. Nd2 a5 16. Rfe1 Qa7 17. Qh4 h6 18. c3 Rfd8 19. Nf3 c5 20. Red1 a4 21. b4 d4 22. cxd4 cxb4 23. d5 Nxd5 24. Nxd5 Bxd5 25. Qxb4 Bxa2 26. Rxd8+ Rxd8 27. Rxa2 Rd1+ 28. Ne1 Qb7 29. Qa5 Qd5 30. Qc3 Qxa2 0-1

[Event "Stare Mesto"]
[Site "Stare Mesto"]
[Date "1992.??.??"]
[Round "9"]
[White "Plachetka, Jan"]
[Black "Gipslis, Aivars P"]
[Result "1/2-1/2"]
[WhiteElo "2475"]
[BlackElo "2465"]
[PlyCount "20"]
[EventDate "1992.09.??"]
[Source "www.chesslib.no"]
[SourceDate "2004.05.04"]

1. e4 e5 2. Nf3 Nf6 3. Nxe5 d6 4. Nc4 Nxe4 5. Qe2 Qe7 6. Nc3 Nxc3 7. dxc3 Qxe2+ 8. Bxe2 Nc6 9. Bf4 Be6 10. O-O-O O-O-O 1/2-1/2

[Event "Ano Liosia Open"]
[Site "Ano Liosia GRE"]
[Date "1993.??.??"]
[Round "5"]
[White "Pandavos, Panayotis"]
[Black "Skembris, Spyridon"]
[Result "0-1"]
[WhiteElo "2360"]
[BlackElo "2560"]
[PlyCount "96"]
[EventDate "1993.??.??"]
[Source "www.chesslib.no"]
[SourceDate "2004.05.04"]

1. e4 e5 2. Nf3 Nf6 3. Nxe5 d6 4. Nc4 Nxe4 5. Nc3 Nxc3 6. bxc3 d5 7. Ne3 Be7 8. d4 O-O 9. Bd3 c6 10. O-O Nd7 11. Nf5 Nb6 12. Nxe7+ Qxe7 13. a4 Re8 14. Qh5 g6 15. Qh6 Be6 16. h4 Nd7 17. h5 Qf6 18. hxg6 hxg6 19. Bg5 Qh8 20. Qxh8+ Kxh8 21. a5 f6 22. Bf4 Bf5 23. Rfe1 Kg7 24. Rxe8 Rxe8 25. Rc1 b5 26. axb6 axb6 27. Ra1 Bxd3 28. cxd3 Kf7 29. Ra7 Re1+ 30. Kh2 Ke7 31. Rc7 g5 32. Bg3 c5 33. dxc5 bxc5 34. f4 Rc1 35. fxg5 fxg5 36. d4 c4 37. Ra7 Rxc3 38. Be1 Rd3 39. g4 Rxd4 40. Bb4+ Kd8 41. Ba5+ Ke8 42. Ra8+ Kf7 43. Ra7 Ke6 44. Ra6+ Ke7 45. Bb4+ Kd8 46. Bc3 Rd3 47. Ba5+ Ke7 48. Bb4+ Kf7 0-1

[Event "Julian Borowski 4th-B"]
[Site "Essen"]
[Date "2002.05.19"]
[Round "4"]
[White "Souleidis, Georgios"]
[Black "Rabiega, Robert"]
[Result "1/2-1/2"]
[WhiteElo "2404"]
[BlackElo "2512"]
[PlyCount "40"]
[EventDate "2002.05.16"]
[Source "ChessBase"]
[SourceDate "2002.09.20"]

1. e4 e5 2. Nf3 Nf6 3. Nxe5 d6 4. Nc4 Nxe4 5. Qe2 Qe7 6. Ne3 c6 7. b3 Be6 8. Bb2 Nd7 9. g3 d5 10. Bg2 Ndf6 11. d3 Nd6 12. O-O g6 13. c4 dxc4 14. dxc4 Bg7 15. Bc3 O-O 16. Qb2 Rfd8 17. Re1 Nfe8 18. Bxg7 Nxg7 19. Nd2 Nde8 20. Re2 Qf6 1/2-1/2

[Event "Yerevan"]
[Site "Yerevan"]
[Date "1980.??.??"]
[Round "4"]
[White "Mnatsakanian, Eduard A"]
[Black "Knezevic, Milorad"]
[Result "1/2-1/2"]
[WhiteElo "2425"]
[BlackElo "2490"]
[PlyCount "32"]
[EventDate "1980.06.??"]
[Source "ChessBase"]

1. e4 e5 2. Nf3 Nf6 3. Nxe5 d6 4. Nc4 Nxe4 5. Qe2 Qe7 6. Ne3 Nf6 7. d4 g6 8. g3 Bg7 9. Bg2 O-O 10. O-O Re8 11. Qd1 Qd8 12. c4 Nc6 13. Nc3 Nd7 14. Ne2 Nf6 15. Nc3 Nd7 16. Ne2 Nf6 1/2-1/2

[Event "Slavonija Swiss, Vukovar CRO"]
[Site "?"]
[Date "2001.??.??"]
[Round "8"]
[White "Milu, R."]
[Black "Jusic, Z."]
[Result "1/2-1/2"]
[WhiteElo "2475"]
[BlackElo "2425"]
[PlyCount "22"]
[EventDate "2001.??.??"]
[Source "www.chesslib.no"]
[SourceDate "2004.05.04"]

1. e4 e5 2. Nf3 Nf6 3. Nxe5 d6 4. Nc4 Nxe4 5. Qe2 Qe7 6. d3 Nf6 7. Bg5 Nbd7 8. Nc3 Qxe2+ 9. Bxe2 a6 10. O-O-O d5 11. Nd2 Bc5 1/2-1/2

[Event "Ch Latvia"]
[Site "?"]
[Date "2005.05.20"]
[Round "11"]
[White "Berzinsh Roland"]
[Black "Neiksans Arturs"]
[Result "0-1"]
[WhiteElo "2457"]
[BlackElo "2439"]
[PlyCount "50"]
[EventDate "2005.??.??"]
[Source "www.chesslib.no"]
[SourceDate "2004.05.04"]

1. e4 e5 2. Nf3 Nf6 3. Nxe5 d6 4. Nc4 Nxe4 5. Qe2 Qe7 6. Ne3 Nf6 7. b3 Nc6 8. Bb2 Be6 9. g3 O-O-O 10. Bg2 d5 11. d4 Qd7 12. Nd2 h5 13. O-O-O h4 14. Nf3 h3 15. Bf1 Ne4 16. Ne5 Nxe5 17. dxe5 Qc6 18. Qe1 d4 19. Rxd4 Rxd4 20. Bxd4 Nc3 21. Qxc3 Qxh1 22. Bxa7 Ba3+ 23. Kd2 Qxh2 24. Ke1 Qh1 25. Qa5 h2 0-1

[Event "JUG Team Ch"]
[Site "Cetinje"]
[Date "1992.??.??"]
[Round "?"]
[White "Velickovic, Sasa"]
[Black "Mikhalchishin, Adrian B"]
[Result "0-1"]
[WhiteElo "2365"]
[BlackElo "2530"]
[PlyCount "90"]
[EventDate "1992.??.??"]
[Source "www.chesslib.no"]
[SourceDate "2004.05.04"]

1. e4 e5 2. Nf3 Nf6 3. Nxe5 d6 4. Nc4 Nxe4 5. Nc3 Nxc3 6. bxc3 d5 7. Ne3 c6 8. d4 Nd7 9. Bd3 Nf6 10. O-O Be7 11. Nf5 Bxf5 12. Bxf5 O-O 13. Qf3 Re8 14. Re1 g6 15. Bd3 Qd7 16. h3 Nh5 17. Bd2 Ng7 18. Re2 Ba3 19. Rae1 b5 20. h4 Rxe2 21. Rxe2 Re8 22. Rxe8+ Qxe8 23. g3 Qe6 24. Kg2 Bd6 25. Bf4 h5 26. Bd2 Ne8 27. Qd1 Nf6 28. f3 Nd7 29. Bg5 Nb6 30. Qe1 Na4 31. Bd2 Qe7 32. Qb1 Kg7 33. Kh3 Ba3 34. g4 hxg4+ 35. fxg4 Bb2 36. Qg1 Nxc3 37. h5 Ne4 38. Qe3 Qe6 39. Bxe4 Qxe4 40. Qxe4 dxe4 41. Be3 g5 42. Kg2 Kh6 43. Kg3 a6 44. Kh3 f5 45. Bf2 Bc3 0-1

[Event "IND-ch 39th"]
[Site "Nagpur"]
[Date "2002.01.21"]
[Round "6"]
[White "Thipsay, Praveen Mahadeo"]
[Black "Mahesh Chandran, Panjanathan"]
[Result "1/2-1/2"]
[WhiteElo "2456"]
[BlackElo "2436"]
[PlyCount "51"]
[EventDate "2002.01.16"]
[Source "ChessBase"]
[SourceDate "2002.03.14"]

1. e4 e5 2. Nf3 Nf6 3. Nxe5 d6 4. Nc4 Nxe4 5. Nc3 Nxc3 6. bxc3 Be7 7. d4 O-O 8. Bd3 d5 9. Ne3 c6 10. O-O Re8 11. a4 Nd7 12. Nf5 Nf6 13. Nxe7+ Qxe7 14. Bg5 Qd6 15. Qc1 Bg4 16. Rb1 b6 17. f3 Bh5 18. Bf4 Qf8 19. Ba6 Re6 20. Be5 Bg6 21. Qd2 Qe8 22. Rbe1 Qe7 23. Bxf6 Qxf6 24. Rxe6 Qxe6 25. Re1 Qd7 26. Bd3 1/2-1/2

[Event "Mind Sports Games - Blitz Team"]
[Site "Pechino CINA"]
[Date "2008.10.13"]
[Round "5"]
[White "Gopal, G."]
[Black "Carlos, L."]
[Result "0-1"]
[WhiteElo "2548"]
[BlackElo "2340"]
[PlyCount "57"]
[EventDate "2008.10.13"]
[Source "www.chesslib.no"]
[SourceDate "2004.05.04"]

1. e4 e5 2. Nf3 Nf6 3. Nxe5 d6 4. Nc4 Nxe4 5. Qe2 Qe7 6. Ne3 Nf6 7. c4 Nc6 8. Nc3 Nd4 9. Qd1 Bg4 10. Be2 Bxe2 11. Nxe2 Nxe2 12. Qxe2 O-O-O 13. d4 Qe4 14. d5 Re8 15. O-O g6 16. Bd2 Bg7 17. Rac1 Nd7 18. Rfd1 f5 19. f3 Qe7 20. f4 Bxb2 21. Rb1 Bd4 22. Re1 Qe4 23. Kh1 Qxf4 24. Qd3 Qe4 25. Qb3 Nc5 26. Qb4 Qd3 27. Nf1 Bf2 28. Red1 Qe2 29. Bc3 0-1

[Event "Bayamo"]
[Site "Bayamo"]
[Date "1981.??.??"]
[Round "7"]
[White "Rodriguez Cespedes, Amador"]
[Black "Vilela, Jose Luis"]
[Result "1/2-1/2"]
[WhiteElo "2450"]
[BlackElo "2430"]
[PlyCount "27"]
[EventDate "1981.??.??"]
[Source "www.chesslib.no"]
[SourceDate "2004.05.04"]

1. e4 e5 2. Nf3 Nf6 3. Nxe5 d6 4. Nc4 Nxe4 5. Qe2 Qe7 6. d3 Nf6 7. Bg5 Qxe2+ 8. Bxe2 Be7 9. Nc3 Nc6 10. Nb5 Kd8 11. Bf3 a6 12. Nc3 Nd4 13. Bd1 Be6 14. O-O 1/2-1/2